Delincuencia , tribunales y corrupción

Uloženo v:
Podrobná bibliografie
Korporativní autor: Universidad del Desarrollo (Autor)
Médium: Kniha
Jazyk:španělština
Vydáno: Santiago Universidad del desarrollo 2007
Edice:Estudios de Opinión Pública, 8
Témata:
Tagy: Přidat tag
Žádné tagy, Buďte první, kdo vytvoří štítek k tomuto záznamu!

MARC

LEADER 00000nam a2200000 a 4500
001 UCH0936
003 CL-VaPUC
008 090402e20070000CL |||||||||||||||||spa|d
082 0 4 |a 345  |b UNI  |2 21 
110 2 |a Universidad del Desarrollo  |e author  |9 535316 
245 1 0 |a Delincuencia , tribunales y corrupción 
300 |a 30 p 
942 |c BK 
945 |d 20090402 00:00:00  |a rbrito 
260 |a Santiago  |b Universidad del desarrollo  |c 2007 
500 |a Separata de la Revista Actualidad Jurídica, septiembre 2007 
650 0 |a Delincuencia  |9 335739 
650 0 |a Tribunales de justicia   |9 328494 
650 0 |a Corrupción  |9 328304 
650 7 |a ENCUESTAS PUBLICAS  |2 CL-VaPUC  |9 535317 
583 |a last modification  |c 20090402 00:00:00  |k Rodrigo Vera 
490 0 |a Estudios de Opinión Pública, 8 
999 |c 333104  |d 333102 
952 |0 0  |1 0  |2 ddc  |4 0  |6 345_000000000000000_UNI_2007  |7 0  |8 A  |9 421278  |a BIBDER  |b BIBDER  |d 2019-11-22  |i 4531914  |o 345 UNI 2007  |p 4531914  |r 2023-01-25  |w 2019-11-22  |y MX  |k DER